书目信息 |
| 题名: |
Linux操作系统原理与应用
|
|
| 作者: | 陈莉君 , 康华 编著 | |
| 分册: | ||
| 出版信息: | 北京 清华大学出版社 2012.01 |
|
| 页数: | 255页 | |
| 开本: | 26cm | |
| 丛书名: | ||
| 单 册: | ||
| 中图分类: | TP316.89 | |
| 科图分类: | ||
| 主题词: | Linux操作系统--Linuxcao zuo xi tong--高等学校--教材 , Linux操作系统--Linuxcao zuo xi tong | |
| 电子资源: | ||
| ISBN: | 978-7-302-27836-8 | |
| 000 | 00995nam0 2200277 450 | |
| 001 | 0106081927 | |
| 005 | 20201109093758.73 | |
| 010 | @a978-7-302-27836-8@dCNY39.00 | |
| 100 | @a20120417e20202012em y0chiy50 ea | |
| 101 | 0 | @achi |
| 102 | @aCN@b110000 | |
| 105 | @ay z 000yy | |
| 106 | @ar | |
| 200 | 1 | @aLinux操作系统原理与应用@ALinux cao zuo xi tong yuan li yu ying yong@f陈莉君, 康华编著 |
| 205 | @a2版 | |
| 210 | @a北京@c清华大学出版社@d2012.01@h2020.01 | |
| 215 | @a255页@d26cm | |
| 300 | @a21世纪高等学校规划教材计算机科学与技术 | |
| 330 | @a本书共分为9章,主要内容包括:概述、内存寻址、进程、内存管理、中断和异常、系统调用、内核中的同步、文件系统、设备驱动。 | |
| 606 | 0 | @aLinux操作系统@ALinuxcao zuo xi tong@x高等学校@j教材 |
| 606 | 0 | @aLinux操作系统@ALinuxcao zuo xi tong |
| 690 | @aTP316.89@v5 | |
| 701 | 0 | @a陈莉君@Achen li jun@c(计算机)@4编著 |
| 701 | 0 | @a康华@Akang hua@c(计算机)@4编著 |
| 801 | 0 | @aCN@bBJSZM@c20201106 |
| 905 | @b1194972-5@dTP316.89@e1001=2@f4 | |
| Linux操作系统原理与应用/陈莉君, 康华编著.-2版.-北京:清华大学出版社,2012.01(2020.01) |
| 255页;26cm |
| 21世纪高等学校规划教材计算机科学与技术 |
| ISBN 978-7-302-27836-8:CNY39.00 |
| 本书共分为9章,主要内容包括:概述、内存寻址、进程、内存管理、中断和异常、系统调用、内核中的同步、文件系统、设备驱动。 |
| ● |
| 相关链接 |
|
|
|
|
正题名:Linux操作系统原理与应用
索取号:TP316.89/1001=2
 
预约/预借
| 序号 | 登录号 | 条形码 | 馆藏地/架位号 | 状态 | 备注 |
| 1 | 1194972 | 211949720 | 第二样本阅览室/ [索取号:TP316.89/1001=2] | 在馆 | |
| 2 | 1194973 | 211949739 | 第三借阅区/ [索取号:TP316.89/1001=2] | 在馆 | |
| 3 | 1194974 | 211949748 | 第三借阅区/ [索取号:TP316.89/1001=2] | 在馆 | |
| 4 | 1194975 | 211949757 | 第三借阅区/ [索取号:TP316.89/1001=2] | 在馆 |